| 000 | 00348 a2200157 4500 | ||
|---|---|---|---|
| 001 | 24788 | ||
| 020 | _a9788535715866 | ||
| 040 | _cAnchieta - São Paulo/Itaigara | ||
| 100 | _aMaestri, Mário | ||
| 240 | 1 | 0 |
_aO Escravismo no Brasil _lpor |
| 245 | 1 | 0 | _aO Escravismo no Brasil |
| 300 | _a136 | ||
| 362 | 0 | _a2014 | |
| 650 | 4 | _aBrasil | |
| 942 | _cBK | ||
| 999 |
_c24788 _d24788 |
||